Podstawy teorii finansów

Salvato in:
Dettagli Bibliografici
Autore principale: Fedorowicz, Zdzislaw
Natura: Libro
Lingua:polacco
Pubblicazione: Warszawa Poltext 1999
Serie:Szkola Glówna Handlowa Studia Finansowo-Bankowe
Soggetti:
Tags: Aggiungi Tag
Nessun Tag, puoi essere il primo ad aggiungerne!!

MARC

LEADER 00000nam a2200000 4500
001 c123785
005 20221221083205.7
020 |a 83-85366-13-X 
041 0 |a pol 
044 |a PL 
245 1 0 |a Podstawy teorii finansów  |c Zdzislaw Fedorowicz 
264 1 |a Warszawa  |b Poltext  |c 1999 
300 |a 166 s. 
490 1 |a Szkola Glówna Handlowa  |v Studia Finansowo-Bankowe 
830 0 |a Szkola Glówna Handlowa  |v Studia Finansowo-Bankowe 
610 2 0 |a teória finančná 
610 2 0 |a politika finančná 
610 2 0 |a financie 
610 2 0 |a hospodárstvo trhové 
610 2 0 |a modely makroekonomické 
610 2 0 |a statky verejné 
610 2 0 |a statky súkromné 
610 2 0 |a náklady 
610 2 0 |a analýzy 
610 2 0 |a redistribúcia 
100 1 |a Fedorowicz, Zdzislaw